000 00707nam a2200229 i 4500
001 13183
003 ES-MaACL
005 20230906150522.0
007 t|
008 960717s1995 sp |||| | spa j
020 _a84-411-0105-1
080 _a1 Bayle, Pierre
100 1 _aArroyo Pomeda, Julián.
_923378
245 1 0 _aBayle o la ilustración anticipada /
_cJulian Arroyo Pomeda.
260 _aMadrid :
_bEdiciones Pedagógicas,
_c[1995]
300 _a186 p. ;
_c19 cm.
490 1 _aHistoria de la filosofía ;
_v53
600 1 4 _aBayle, Pierre-
_xCrítica e interpretación.
_926674
830 0 _aHistoria de la filosofía ;
_v53
_9181726
852 _aES-MaACL
_jL-20542
999 _c13183
_d13183